Escritores portugueses do Algarve nascidos entre 1924 e 1968 (Registo nº 706)
[ vista simples ]
| 000 -Etiqueta do registo | |
|---|---|
| Cabeçalho | 00737nam a2200289 4500 |
| 005 - Identificador da versão | |
| Campo de controlo | 20240813121810.0 |
| 010 ## - Número internacional normalizado dos livros (ISBN) | |
| Número (ISBN) | 9727726321 |
| 035 ## - Other System Control Numbers | |
| System Control Number | 0000736 |
| System Control Number | 0000731 |
| System Control Number | 0000731 |
| System Control Number | 0000719 |
| 100 ## - Dados gerais de processamento | |
| Dados gerais de processamento | 20061026d2006 m y0pory5003 ba |
| 102 ## - Pais de publicação ou produção | |
| País de publicação | Portugal |
| 101 0# - Língua de publicação | |
| Língua do texto, banda sonora, etc. | Português |
| 106 ## - Campo de dados codificados: material textual | |
| Dados codificados do material textual | r |
| 105 ## - Campo de dados codificados: livros | |
| Dados codificados dos livros | y z 001yy |
| 215 ## - Descrição física | |
| Indicação específica da natureza do documento e extensão da espécie | p. |
| 200 1# - Titulo e menção de responsabilidade | |
| Título próprio | Escritores portugueses do Algarve nascidos entre 1924 e 1968 |
| Primeira menção de responsabilidade | Ilena Luís Candeias Gonçalves |
| 225 2# - Colecção | |
| Título próprio da colecção | Extra-colecção |
| 205 ## - Menção da edição | |
| Menção da edição | 1ª ed |
| 210 ## - Publicação, Distribuição, etc. | |
| Lugar da edição, distribuição, etc. | Lisboa |
| Nome do editor, distribuidor, etc. | Colibri |
| Data da publicação, distribuição, etc. | 2006 |
| 675 ## - Classificação Decimal Universal (CDU) | |
| Notação | 821.134.3-1"19" |
| Edição | BN |
| Língua da edição | por |
| Edição | BN |
| Língua da edição | por |
| 700 #1 - Nome de autor-pessoa física (responsabilidade principal) | |
| Número de registo de entrada de autoridade | 0000938 |
| Palavra de ordem | Gonçalves |
| Outra parte do nome não tomada para palavra de ordem | Ilena Luís Candeias |
| 942 ## - Elementos de entrada adicionados (Koha) | |
| Tipo de item no Koha | Livro |
| Situação do levantamento | Origin of item (home branch) (coded) | Biblioteca de empréstimo | Código de barras | Circulation type (not for loan) | Tipo de documento | Nota do exemplar | Damaged status |
|---|---|---|---|---|---|---|---|
| Biblioteca Escolar Eng. Nuno Mergulhão | Biblioteca Escolar Eng. Nuno Mergulhão | BENM1195 | Livro | Sem mensagem |
